قواعد اللغة الفرنسية / (رقم التسجيلة. 52945)

تفاصيل مارك
000 -الفاتح
عناصر البيانات ثابتة الطول 00691cam a2200205 i 4500
005 - تاريخ ووقت آخر معاملة
حقل ضبط 20260427103159.0
008 - عناصر البيانات ثابتة الطول
عناصر البيانات ثابتة الطول 250721s1999 jo gr 000 0 ara d
041 1# - كود اللغة
كود اللغة لنص/مسار صوت أو عنوان منفصل ara
-- fre
082 14 - رقم تصنيف ديوي العشري
رقم التصنيف 440.7
رقم المادة أ ح م
100 1# - مدخل رئيسي – اسم شخصي
الاسم الشخصي رشيد، أحمد
علاقة الشخص بالعمل/ دوره مؤلف.
245 10 - بيان العنوان
العنوان قواعد اللغة الفرنسية /
بيان المسؤولية تأليف أحمد رشيد ؛ مراجعة وتدقيق عصام حداد.
246 11 - الأشكال المختلفة للعنوان
العنوان الفعلي/العنوان المختصر Grammairedu francais
250 ## - بيان الطبعة
بيان الطبعة الطبعة الأولى.
264 31 - بيانات النشر، التوزيع…إلخ
مكان النشر، التوزيع...إلخ عمان :
اسم الناشر، الموزع...إلخ أحمد رشيد،
تاريخ النشر، التوزيع...إلخ 1999.
300 ## - الوصف المادي
عدد الوحدات المكونة للوعاء 125 صفحة.
650 17 - مدخل إضافي بالموضوع - مصطلح موضوعي
مصطلح موضوعي أو اسم جغرافي كعنصر مدخل قواعد اللغة.
650 17 - مدخل إضافي بالموضوع - مصطلح موضوعي
مصطلح موضوعي أو اسم جغرافي كعنصر مدخل اللغة الفرنسية.
942 ## - بيانات إضافية (كوها)
نوع التنصيف Dewey Decimal Classification
نوع المادة (كوها) كتب
المقتنيات
حالة السحب حالة الفقدان مصدر التصنيف حالة التلف غير قابل للإعارة المكتبة الرئيسية المكتبة الحالية موقع الرف تاريخ التزويد الرقم المتسلسل Total Checkouts رقم الإستدعاء الباركود تاريخ آخر ظهور تاريخ الفاتورة نوع المادة (كوها)
    Dewey Decimal Classification     المكتبة المركزية المكتبة المركزية الإعارة 06/07/2004 408510   440.7 / أ ح م 408511 28/07/2025 06/07/2004 كتب
Implemented & Customized by: BBB with SCIT (Smart Chains for Information Technology)

Powered by Koha